Statistics for EU enlargements by year

Click here to take the quiz!

General Stats

  • This quiz has been taken 71 times
  • The average score is 8 of 8

Answer Stats

CountriesYear of accession% Correct
Austria, Finland, Sweden1995
98%
Cyprus, Czechia, Estonia, Hungary, Latvia,
Lithuania Malta, Poland, Slovakia, Slovenia
2004
98%
Bulgaria, Romania2007
96%
Denmark, Ireland, United Kingdom (withdrawn 2020)1973
95%
Belgium, France, Germany (West Germany
until 1990), Italy, Luxembourg, Netherlands
1952
93%
Greece1981
93%
Portugal, Spain1986
93%
Croatia2013
93%

Score Distribution

Percentile by Number Answered

Percent of People with Each Score

Your Score History

You have not taken this quiz